000 00721nam a2200241Ia 4500
003 OSt
005 20220923214807.0
006 a|||||r|||| 00| 0
007 ta
008 220922b |||||||| |||| 00| 0 hin d
024 _a172,932
037 _cTextual
040 _aARTS
_cARTS
_bhin
041 _2hin
_ahin
082 _aO152,6N06x, L2
100 _aद्विवेदी, हजारी प्रसाद
245 0 _aआलोक पर्व
246 _aĀlok parva
260 _c1972
650 _aहिन्दी साहित्य
_9156264
942 _hO152,6N06x, L2
_cTEXL
_2CC
999 _c326839
_d326839